000 00624nam a2200229Ia 4500
003 OSt
005 20220928104114.0
006 a|||||r|||| 00| 0
007 ta
008 220927b |||||||| |||| 00| 0 eng d
024 _a35107
037 _cTextual
040 _aSDCL
_cSDCL
_beng
041 _2eng
_aeng
082 _aX9(J), M2
100 _aGrigg David
_9402928
245 0 _aDynamics of agricultural change
_b The historical experience
260 _aLondon
_bHutchinson Publishers
_c1982
300 _a260p
_ccm.
942 _hX9(J), M2
_cTEXL
_2CC
999 _c724160
_d724160